Kraje w których mieszka najwięcej Polaków - Statystyki

Ogólne statystyki
  • Ten quiz został rozwiązany 26 razy
  • Średni wynik to 8 z 15
Statystyki odpowiedzi
Kraj Polacy % Poprawnych
Łotwa 50 tyś
83%
Grecja 50 tyś
83%
Włochy 50 tyś
83%
Rosja 70 tyś
70%
Argentyna 500 tyś
65%
Niemcy 1,5 mln
57%
Wielka Brytania 650 tyś
52%
Brazylia 800 tyś
52%
Francja 900 tyś
52%
Litwa 210 tyś
48%
Białoruś 290 tyś
48%
Ukraina 140 tyś
39%
Kanada 980 tyś
39%
Niderlandy (Holandia) 135 tyś
35%
Stany Zjednoczone 9,5 mln
26%
Nie znaleziono quizów pasujących do podanych kryteriów
Rozkład punktacji
Procent ludzi z każdym wynikiem
Percentyl według liczby udzielonych odpowiedzi
Twoja historia wyników
Nie rozwiązałeś tego quizu